00490nam a22001697a 4500003000500000020001800005038002100023082002000044100002200064245003300086260004400119300000900163563000700172942001200179999001900191952011000210NUST a9787530220184 aMuhammad Ibrahim a915.1bKEN 2019 a Ken, Ning988741 aZhongguancun NotescNing Ken aBeijingbBeijing Publishing Groupc2019 a585p aPB 2ddccBK c587758d587758 00102ddc4070aCIPSbCIPScGENd2022-02-03l0o915.1 KEN 2019pCIPSD0000612r2022-02-03w2022-02-03yBK